00359nam a2200133Ia 450000500170000000800460001703700120006304000210007504100130009608400190010924500350012826000480016365000140021120250508151813.0008 250505s9999 xx 000 0 eng d aTextual aFEDL bengcFEDL aeng2eng a370, TAGqFEDL 0aShiksha : Rabindra Nath Tagore aCalcutta, IndiabVishvabharati Granthalaya  aEducation